| 000 | 01202nam a22002537a 4500 | ||
|---|---|---|---|
| 005 | 20240716132357.0 | ||
| 010 | _a B-760040 | ||
| 020 |
_a9789384699642 _c100.00 |
||
| 035 | _a B-760040 | ||
| 037 | _bउपहार | ||
| 082 | _a591 | ||
| 100 |
_aडेविड, कर्नल.ए. _968478 |
||
| 245 |
_aपशु संसार / _cकर्नल.ए. डैविड और शिव कुमारःसुमन वाजपेयी द्वारा अनुवाद |
||
| 246 | _a | ||
| 260 |
_aनई दिल्ली _bचिल्ड्रन्स बुक ट्रस्ट _c2018) |
||
| 270 |
_aनेहरू हाउस ,4 बहादुरशाह जफर मार्ग _bदिल्ली _e110002 _k23316970-74 _l23721090 _mcbtnd@vsnl.com |
||
| 300 |
_a80पृ _bसचित्र _c24सेमी (सजिल्द) |
||
| 650 |
_a _968479 |
||
| 650 |
_a _968479 |
||
| 700 |
_aशिव कुमार _968480 |
||
| 700 |
_aसुमन वाजपेयी _968481 |
||
| 942 |
_adpl _cCH _k _2ddc _h591 _mडेविड |
||
| 999 |
_c204145 _d204145 |
||